Sports Quiz

Random Sports or Cricket Quiz
Score 0/34 Timer 08:00
2 Plays Today
Ashes wins Answer % Correct
4Alastair Cook
96.7%
4James Anderson
96.4%
5Ian Bell
96.3%
4Stuart Broad
95.6%
3Andrew Strauss
94.7%
2Andrew Flintoff
93.5%
4Kevin Pietersen
92.4%
3Graeme Swann
89%
1Michael Vaughan
88.1%
1Simon Jones
87.6%
1Geraint Jones
87.4%
2Stephen Harmison
86.3%
2Joe Root
84%
1Matthew Hoggard
83.7%
3Matt Prior
83.4%
1Ben Stokes
82.5%
3Paul Collingwood
82%
Ashes wins Answer % Correct
1Marcus Trescothick
81.9%
3Jonathan Trott
80.5%
2Jonny Bairstow
80.1%
1Ashley Giles
79.6%
1Jos Buttler
75%
1Monty Panesar
73.3%
1Moeen Ali
66.6%
3Steve Finn
65.5%
1Chris Tremlett
64.4%
2Tim Bresnan
59.7%
1Chris Woakes
56.6%
1Adam Lyth
45.9%
1Mark Wood
43.4%
1Ravi Bopara
41.9%
1Graham Onions
38.9%
1Gary Ballance
35.8%
1Simon Kerrigan
17.9%
Remove Ads.
Support Sporcle.
Get the best of Sporcle when you Go Orange. This ad-free experience offers more features, more stats, and more fun while also helping to support Sporcle. Thank you for becoming a member.

You're not logged in!

Compare scores with friends on all Sporcle quizzes.
OR
Log In

Show Comments

Extras

Created Nov 14, 2020ReportNominate
Tags:Cricket Quiz

Top Quizzes Today


Score Distribution

Your Account Isn't Verified!

In order to create a playlist on Sporcle, you need to verify the email address you used during registration. Go to your Sporcle Settings to finish the process.

Report this User

Report this user for behavior that violates our Community Guidelines.

Details: